00894nam a22002057a 4500999001900000005001700019010001500036020002600051035001400077037001300091082001200104100002000116245013000136260005400266270009000320300010100410700002700511942002600538952012400564 c194494d19449420221223154159.0 aENG-135931 a9789352870783c849.00 aEN-119463 bDBAD/PUB a338.954 aBabu, M. Suresh aHastening Slowly:bIndia's industrial growth in the era of economic reforms/cby M. Suresh Babu and foreword by K.L. Krishna aTelanganabOrient Blackswan private Limitedc2018 a3-6-752 Himayatnagar, HyderabadbTelanganae500029mcentraloffice@orientblackswan.com a xvii,237p.c22cm(hbk)bList of tables and figures, Abbreviations, Appendices, References, Index aKrishna, K.LeForeword 2ddccENmBABh338.954 001040708NFICaKGMbKGMd2022-12-23eDBAD/PUBg849.00l0o338.954 BABpEN-119463r2022-12-23 00:00:00t1v849.00yEN